| 000 | 00340nam a2200133Ia 4500 | ||
|---|---|---|---|
| 008 | 191201s2012 xx 000 0 und d | ||
| 082 |
_a004.22 _bMUC |
||
| 100 | _aMURDOCCA, Miles | ||
| 245 | 0 | _aComputer Architecture and Organigation | |
| 250 | _aRep | ||
| 260 |
_c2012 _bWiley Dreautech India _aNEW DELHI |
||
| 300 | _a524 | ||
| 942 |
_2ddc _cBK |
||
| 999 |
_c7828 _d7828 |
||